| 000 | 00379nam a22001337a 4500 | ||
|---|---|---|---|
| 008 | 131122b xxu||||| |||| 00| 0 eng d | ||
| 050 | _aSPC DT855.T39 | ||
| 100 |
_aTaylor, Don _93682 |
||
| 245 | _aRainbow on the Zambezi | ||
| 260 |
_aLondon _bMuseum Press _c1953 |
||
| 300 |
_a224p.; _c22cm. |
||
| 650 |
_aAfrica _93683 _zCentral _xNative races _xPolitics |
||
| 942 |
_2lcc _cMONOGRAPH |
||
| 999 |
_c118643 _d118643 |
||